000 00515cam1a220018100 4500
001 tmp15933677
003 UPRA
005 20190821150457.0
008 951113s1991 xx eng u
035 _a(Sirsi) r49353
035 _a(UPRA)tmp15933677
040 _cUPRA
245 0 0 _aModule on development communication.
260 _c1991.
949 _aPN4793
_wlcc
_i33729001488266
_mMAIN
_p2500
_tSHORTLOAN
_lSHORTLOAN
949 _aPN4793
_wlcc
_i33729001488324
_mMAIN
_p2500
_tSHORTLOAN
_lSHORTLOAN
004 49353
999 _c120200
_d120200